000 00420 a2200121 4500
020 _a5256000616
920 _a5-256-00061-6
100 1 _aBondarenko, O.E..
_eAutor
700 1 _aFedotov, L.M..
_eAutor
245 0 _aKonstruktivno-technologiceskie osnovy proektirovanija mikrosborok /
_cBondarenko O.E., Fedotov L.M..
710 2 _aRadio i Svjaz'.
_eWydawca
_4pbl
260 _aMoskva :
_bRadio i Svjaz',
_c1988.
300 _a136 s.:
_bil.;
_c24 cm.
999 _c4017
_d4017